00446nam a2200193Ia 4500008004100000041001200041082001200053100001800065245002500083260003600108300000800144365000800152520001000160546001200170630002500182650001000207655001000217730002500227101110s9999 xx 000 0 und d aMARATHI bSR31454 aSayyad Manjur aBharat : kal aur aaj c2007bChintan Prakashan, Kanpur a120 b200 aHindi aMARATHI aBharat : kal aur aaj aHindi aHindi aBharat : kal aur aaj